Matemáticas (Registro nro. 22209)

Detalles MARC
000 -Cabecera
Campo de control interno 00467nam a22002057a 4500
005 - Fecha y hora del registro
control field 20260408144212.0
008 - Elementos de Longitud Fija
fixed length control field 260408b |||||||| |||| 00| 0 spa d
041 ## - Idioma
Codigo Idioma ESP
082 ## - DEWEY y NOTACIÓN INTERNA
Dewey 510
Notación Interna R75
100 ## - AUTOR
Autor denominación Rodríguez Calderón, Carlos
Término de relación autor
245 ## - TÍTULO DE MATERIAL BIBLIOGRÁFICO
Título Matemáticas
260 ## - CIUDAD, EDITORIAL, AÑO
Ciudad :
Nombre de la Editorial ,
Año 1989
300 ## - DESCRIPCIÓN
N° Páginas 258 páginas :
Otros detalles ;
Dimensiones 22 cm.
440 ## - MENCIÓN DE SERIE
Título de la Serie ;
650 ## - TEMAS
Temas Matemáticas
654 ## - PROGRAMAS
Programa Dpto. de Matemáticas
700 ## - OTROS AUTORES
Otros autores ;
942 ## - ELEMENTOS DE KOHA
Tipo de documento Libro
Nombre del creador Justo Noguera
Código de catalogador Justo Noguera
Suppress in OPAC No
Esquema de clasificación Dewey Decimal Classification
Existencias
Codigo completo Registro Colección Copia número Disponibilidad Tipo de préstamo Biblioteca Actual Procedencia (Biblioteca) Ubicacón Fecha Ingreso Tipo de Adquisición Date last seen Total checkouts Price effective from Tipo de Item Estado del Material Fuente de Clasificación Damaged status Withdrawn status
510 R75 1088263 Universidad Católica San Pablo 1 Disponible Disponible Víctor Andrés Belaunde Víctor Andrés Belaunde Planta baja cerrada 08/04/2026 Donación 08/04/2026   08/04/2026 Libro Bueno Dewey Decimal Classification